000 00628nam a2200241Ia 4500
003 OSt
005 20220918222731.0
006 a|||||r|||| 00| 0
007 ta
008 220917b |||||||| |||| 00| 0 eng d
024 _a218,019
037 _cTextual
040 _aARTS
_cARTS
_beng
041 _2eng
_aeng
082 _aY:6:(W6), P3
100 _aIbarra Pedro Ed.
_9143935
245 0 _aSocial movements and democracy
260 _aNew York
_bPalgrave
_c2003
300 _aviii, 238p
_ccm.
650 _aSOCIOLOGY
942 _hY:6:(W6), P3
_cTEXL
_2CC
999 _c276339
_d276339